[Event "<1600, practising wit Ruy"]
[Site "SchemingMind.com"]
[Date "2010.06.16"]
[Round "-"]
[White "Lars"]
[Black "lapista59"]
[Result "1-0"]
[WhiteCountry "SWE"]
[BlackCountry "HUN"]
[WhiteElo "1577"]
[WhiteRD "68"]
[BlackElo "1403"]
[BlackRD "65"]
[GameID "252019"]

1. e4 e5 2. Nf3 Nc6 3. Bb5 a6 4. Ba4 Nf6 5. O-O Be7 6. Re1 b5 7. Bb3 d6 8. c3 O-O 9. h3 Na5 10. Bc2 d5
11. Nxe5 g6 12. d4 Bb7 13. b4 Nc4 14. a4 dxe4 15. Bxe4 Nxe4 16. Nd2 Nxc3 17. Qb3 Qxd4 18. Nexc4 Bh4 19. Ne3 Ne2+ 20. Rxe2 Qxa1
21. Qc2 Bf6 22. Nb3 Qe5 23. Ng4 Qh5 24. Nxf6+ Kh8 25. Nxh5 gxh5 26. Re5 Rg8 27. Rxh5 Rxg2+ 28. Kf1 Rg7 29. Bb2 Bg2+ 30. Ke1 Re8+
31. Kd1 Bf3+ 32. Kc1 Re1+ 33. Kd2 Re2+ 34. Kd3 Rxc2 35. Bxg7+ Kxg7 36. Rxh7+ Kxh7 37. Kxc2 Kg6 38. a5 f5 39. Nc5 Kg5 40. Nxa6 c6
41. Nc5 Kh4 42. Kd2 Kxh3 43. a6 Kg2 44. Ke1 f4 45. a7 Bg4 46. a8=Q f3 47. Qxc6 Bh3 48. Qxb5 Kg1 49. Qc4 Bg2 50. b5 Bf1
51. Qg4+ Bg2 52. Nd3 Kh2 53. b6 Kg1 54. b7 Kh2 55. Qf4+ Kg1 56. Qg5 Kh1 57. b8=Q Kg1 58. Qbg8 Kh2 59. Nf4 Kh1 60. Qxg2+ fxg2
61. Qxg2#
1-0

[Event "<1600, practising wit Ruy"]
[Site "SchemingMind.com"]
[Date "2010.06.19"]
[Round "-"]
[White "wolfik"]
[Black "cnile"]
[Result "1-0"]
[WhiteCountry "POL"]
[BlackCountry "SCO"]
[WhiteElo "1767"]
[WhiteRD "110"]
[BlackElo "1492"]
[BlackRD "70"]
[GameID "252070"]

1. e4 e5 2. Nf3 Nc6 3. Bb5 a6 4. Ba4 Nf6 5. O-O Be7 6. Re1 b5 7. Bb3 d6 8. c3 O-O 9. h3 Na5 10. Bc2 d5
11. Nxe5 dxe4 12. d3 exd3 13. Bxd3 h6 14. b4 Bb7 15. bxa5 Kh8 16. Nd2 Qxd3 17. Nxd3
1-0

[Event "<1600, practising wit Ruy"]
[Site "SchemingMind.com"]
[Date "2010.06.16"]
[Round "-"]
[White "wolfik"]
[Black "lemmie"]
[Result "0-1"]
[WhiteCountry "POL"]
[BlackCountry "NED"]
[WhiteElo "1660"]
[WhiteRD "99"]
[BlackElo "1807"]
[BlackRD "56"]
[GameID "252071"]

1. e4 e5 2. Nf3 Nc6 3. Bb5 a6 4. Ba4 Nf6 5. O-O Be7 6. Re1 b5 7. Bb3 d6 8. c3 O-O 9. h3 Na5 10. Bc2 d5
11. Nxe5 dxe4 12. d4 exd3 13. Qxd3 Qxd3 14. Nxd3 Re8 15. Bf4 Nd5 16. Bg5 Be6 17. Bxe7 Nxe7 18. Nc5 Nc4 19. b3 Nd6 20. Nxe6 Nd5
21. Bxh7+ Kxh7 22. Ng5+ Kg8 23. Rc1 Nf4 24. c4 Ne2+ 25. Kf1 Nxc1
0-1

[Event "<1600, practising wit Ruy"]
[Site "SchemingMind.com"]
[Date "2010.06.15"]
[Round "-"]
[White "wolfik"]
[Black "lapista59"]
[Result "1-0"]
[WhiteCountry "POL"]
[BlackCountry "HUN"]
[WhiteElo "1767"]
[WhiteRD "110"]
[BlackElo "1394"]
[BlackRD "67"]
[GameID "252072"]

1. e4 e5 2. Nf3 Nc6 3. Bb5 a6 4. Ba4 Nf6 5. O-O Be7 6. Re1 b5 7. Bb3 d6 8. c3 O-O 9. h3 Na5 10. Bc2 d5
11. exd5 Qxd5 12. Rxe5 Qd6 13. d4 Nc4 14. Re1 Bb7 15. b3 Nb6 16. Nbd2 h5 17. Qe2 Nbd5 18. c4 Nf4 19. Qxe7 Bxf3 20. Qxd6 Nxh3+
21. gxh3 Rae8 22. Qxf8+ Rxf8 23. Nxf3 bxc4 24. bxc4 g6 25. Re7 Kg7 26. Rxc7 Rd8 27. Bg5 Re8 28. Ne5 Re6 29. Rxf7+ Kg8 30. Bxf6 Rxe5
31. Rg7+ Kf8 32. dxe5 g5 33. Rd1 a5 34. Rd8#
1-0

[Event "<1600, practising wit Ruy"]
[Site "SchemingMind.com"]
[Date "2010.06.19"]
[Round "-"]
[White "wolfik"]
[Black "Olli Ylönen"]
[Result "1-0"]
[WhiteCountry "POL"]
[BlackCountry "FIN"]
[WhiteElo "1767"]
[WhiteRD "110"]
[BlackElo "1507"]
[BlackRD "57"]
[GameID "252073"]

1. e4 e5 2. Nf3 Nc6 3. Bb5 a6 4. Ba4 Nf6 5. O-O Be7 6. Re1 b5 7. Bb3 d6 8. c3 O-O 9. h3 Na5 10. Bc2 d5
11. exd5 Nxd5 12. Nxe5 Nf4 13. d4 Nxh3+ 14. gxh3 Bxh3 15. Qh5 Bh4 16. Qxh7#
1-0

[Event "<1600, practising wit Ruy"]
[Site "SchemingMind.com"]
[Date "2010.06.19"]
[Round "-"]
[White "wolfik"]
[Black "swarupsawant"]
[Result "1-0"]
[WhiteCountry "POL"]
[BlackCountry "IND"]
[WhiteElo "1767"]
[WhiteRD "110"]
[BlackElo "1606"]
[BlackRD "74"]
[GameID "252074"]

1. e4 e5 2. Nf3 Nc6 3. Bb5 a6 4. Ba4 Nf6 5. O-O Be7 6. Re1 b5 7. Bb3 d6 8. c3 O-O 9. h3 Na5 10. Bc2 d5
11. exd5 Bd6 12. Nxe5 Bb7 13. d4 Bxe5 14. dxe5 Nxd5 15. Qd3 Qe7 16. Qxh7#
1-0

[Event "<1600, practising wit Ruy"]
[Site "SchemingMind.com"]
[Date "2010.06.17"]
[Round "-"]
[White "wolfik"]
[Black "Lars"]
[Result "1-0"]
[WhiteCountry "POL"]
[BlackCountry "SWE"]
[WhiteElo "1767"]
[WhiteRD "110"]
[BlackElo "1462"]
[BlackRD "90"]
[GameID "252075"]

1. e4 e5 2. Nf3 Nc6 3. Bb5 a6 4. Ba4 Nf6 5. O-O Be7 6. Re1 b5 7. Bb3 d6 8. c3 O-O 9. h3 Na5 10. Bc2 d5
11. exd5 Nxd5 12. Nxe5 Bb7 13. d4 Bh4 14. Qg4 Bc8 15. Qe4 Re8 16. Qxh7+ Kf8 17. Nd7+ Bxd7 18. Qh8#
1-0

[Event "<1600, practising wit Ruy"]
[Site "SchemingMind.com"]
[Date "2010.06.19"]
[Round "-"]
[White "cnile"]
[Black "wolfik"]
[Result "0-1"]
[WhiteCountry "SCO"]
[BlackCountry "POL"]
[WhiteElo "1492"]
[WhiteRD "70"]
[BlackElo "1767"]
[BlackRD "110"]
[GameID "252076"]

1. e4 e5 2. Nf3 Nc6 3. Bb5 a6 4. Ba4 Nf6 5. O-O Be7 6. Re1 b5 7. Bb3 d6 8. c3 O-O 9. h3 Na5 10. Bc2 d5
11. Nxe5 dxe4 12. b4 Nb7 13. Nc6 Qd6 14. Nxe7+ Qxe7 15. d4 Nd6 16. Be3 Nc4 17. Nd2 Nb2 18. Rb1 Nxd1
0-1

[Event "<1600, practising wit Ruy"]
[Site "SchemingMind.com"]
[Date "2010.06.18"]
[Round "-"]
[White "lemmie"]
[Black "wolfik"]
[Result "1-0"]
[WhiteCountry "NED"]
[BlackCountry "POL"]
[WhiteElo "1807"]
[WhiteRD "56"]
[BlackElo "1660"]
[BlackRD "99"]
[GameID "252077"]

1. e4 e5 2. Nf3 Nc6 3. Bb5 a6 4. Ba4 Nf6 5. O-O Be7 6. Re1 b5 7. Bb3 d6 8. c3 O-O 9. h3 Na5 10. Bc2 d5
11. exd5 Nxd5 12. Nxe5 Bd6 13. d4 Re8 14. Bxh7+ Kxh7 15. Qh5+ Kg8 16. Qxf7+ Kh7 17. Qxd5 Bb7 18. Qf7 Qf6 19. Qh5+ Kg8 20. Nd2 c5
21. Ne4 Bxe4 22. Rxe4 cxd4 23. Ng4 Qf7 24. Nh6+ gxh6 25. Rg4+ Kf8 26. Bxh6+
1-0

[Event "<1600, practising wit Ruy"]
[Site "SchemingMind.com"]
[Date "2010.06.15"]
[Round "-"]
[White "lapista59"]
[Black "wolfik"]
[Result "0-1"]
[WhiteCountry "HUN"]
[BlackCountry "POL"]
[WhiteElo "1394"]
[WhiteRD "67"]
[BlackElo "1767"]
[BlackRD "110"]
[GameID "252078"]

1. e4 e5 2. Nf3 Nc6 3. Bb5 a6 4. Ba4 Nf6 5. O-O Be7 6. Re1 b5 7. Bb3 d6 8. c3 O-O 9. h3 Na5 10. Bc2 d5
11. Nxe5 Bb7 12. Re3 Nxe4 13. Qg4 Bd6 14. Nf3 Nc4 15. b4 Nxe3 16. fxe3 Ng3 17. Bb2 Bc8 18. Qh4 Qxh4 19. Nxh4 a5 20. Bd3 Bd7
21. Na3 c6 22. Nf3 Ne4 23. c4 axb4 24. Nc2 bxc4 25. Be2 b3 26. axb3 cxb3 27. Ncd4 Ra2 28. Nxb3 Rxb2 29. Nbd4 Nxd2 30. Ra7 Nxf3+
31. Bxf3 Bg3 32. Rxd7 Rb1+ 33. Bd1 Rxd1#
0-1

[Event "<1600, practising wit Ruy"]
[Site "SchemingMind.com"]
[Date "2010.06.19"]
[Round "-"]
[White "Olli Ylönen"]
[Black "wolfik"]
[Result "0-1"]
[WhiteCountry "FIN"]
[BlackCountry "POL"]
[WhiteElo "1426"]
[WhiteRD "54"]
[BlackElo "1653"]
[BlackRD "96"]
[GameID "252079"]

1. e4 e5 2. Nf3 Nc6 3. Bb5 a6 4. Ba4 Nf6 5. O-O Be7 6. Re1 b5 7. Bb3 d6 8. c3 O-O 9. h3 Na5 10. Bc2 d5
11. a4 b4 12. exd5 b3 13. Bxb3 Nxb3 14. Qxb3 Nxd5 15. Rxe5 Nf4 16. d4 Be6 17. Qc2 Bf6 18. Bxf4 Bxe5 19. Bxe5 Re8 20. Ng5 Qxg5
21. g4 f5 22. Qd2 Qg6 23. f3 fxg4 24. hxg4 Rf8 25. Qg2 Rf7 26. Nd2 Rb8 27. b4 Bd5 28. Re1 Rbf8 29. Re3 Qg5 30. Rd3 Bc6
31. a5 Bb5 32. Re3 Qxe3+
0-1

[Event "<1600, practising wit Ruy"]
[Site "SchemingMind.com"]
[Date "2010.06.15"]
[Round "-"]
[White "swarupsawant"]
[Black "wolfik"]
[Result "1/2-1/2"]
[WhiteCountry "IND"]
[BlackCountry "POL"]
[WhiteElo "1683"]
[WhiteRD "64"]
[BlackElo "1735"]
[BlackRD "103"]
[GameID "252080"]

1. e4 e5 2. Nf3 Nc6 3. Bb5 a6 4. Ba4 Nf6 5. O-O Be7 6. Re1 b5 7. Bb3 d6 8. c3 O-O 9. h3 Na5 10. Bc2 d5
11. Nxe5 Bb7 12. b4 Nc6 13. Nxc6 Bxc6 14. e5 Nd7 15. d4 Nb6 16. Qh5 g6 17. Qf3 Bg5 18. Nd2 a5 19. Nb3 axb4 20. Nc5 bxc3
21. e6 Qf6 22. Bxg5 Qxg5 23. Qxc3 Rae8 24. exf7+ Rxf7 25. Rxe8+ Bxe8 26. Ne6 Qf6 27. Nxc7 Qxf2+ 28. Kh1 Bd7 29. Qd3 Bxh3 30. Qxh3 Rxc7
31. Bb3 Qxd4 32. Rd1 Qe5 33. Qf3 Rd7 34. Rf1 Qh5+ 35. Qxh5 gxh5 36. Rf5 Kg7 37. Rxh5 Kg6 38. Rh4 d4 39. Bc2+ d3 40. Bd1 d2
41. Kg1 Re7 42. Kf2 Re1 43. Bc2+ Kg5 44. Rd4 Nc4 45. a4 Rc1 46. Bb3 bxa4 47. Bxa4 Nb2 48. Rd5+ Kf4 49. Rxd2 Nxa4 50. Rd4+ Ke5=
51. Rxa4 Rd1 52. Rh4 Rd7 53. Kf3 Rg7 54. Rg4=
1/2-1/2

[Event "<1600, practising wit Ruy"]
[Site "SchemingMind.com"]
[Date "2010.06.18"]
[Round "-"]
[White "Lars"]
[Black "wolfik"]
[Result "0-1"]
[WhiteCountry "SWE"]
[BlackCountry "POL"]
[WhiteElo "1577"]
[WhiteRD "68"]
[BlackElo "1735"]
[BlackRD "103"]
[GameID "252081"]

1. e4 e5 2. Nf3 Nc6 3. Bb5 a6 4. Ba4 Nf6 5. O-O Be7 6. Re1 b5 7. Bb3 d6 8. c3 O-O 9. h3 Na5 10. Bc2 d5
11. Nxe5 dxe4 12. Bxe4 Nxe4 13. Rxe4 Bb7 14. Re1 c5 15. d3 Qd5 16. Nf3 Bf6 17. a3 Nb3 18. Ra2 Nxc1 19. c4 bxc4 20. Qxc1 cxd3
21. Ra1 Rfe8 22. Nbd2 Re2 23. Qc4 Bxb2 24. Qxd5 Bxd5 25. Rxe2 dxe2 26. Rb1 Bxa3 27. Ne5 Re8 28. Nd3 c4 29. Ne1 c3 30. Ra1 cxd2
31. Nc2 d1=Q+ 32. Rxd1 exd1=Q+ 33. Kh2 Bd6+ 34. g3 Qxc2 35. Kg1 Re1+ 36. Kh2 Qxf2#
0-1

[Event "<1600, practising wit Ruy"]
[Site "SchemingMind.com"]
[Date "2010.06.19"]
[Round "-"]
[White "jtrochez1"]
[Black "cnile"]
[Result "1-0"]
[WhiteCountry "HON"]
[BlackCountry "SCO"]
[WhiteElo "1578"]
[WhiteRD "52"]
[BlackElo "1444"]
[BlackRD "59"]
[GameID "252234"]

1. e4 e5 2. Nf3 Nc6 3. Bb5 a6 4. Ba4 Nf6 5. O-O Be7 6. Re1 b5 7. Bb3 d6 8. c3 O-O 9. h3 Na5 10. Bc2 d5
11. d3 Bd6 12. Bg5 Bb7 13. Nbd2 d4 14. cxd4 exd4 15. e5 Bxe5 16. Nxe5 Qd5 17. Qf3 Qxf3 18. Nexf3 Nd5 19. Nxd4 h6 20. Bh4 Nc6
21. Nxc6 Bxc6 22. Bg3 Nb4 23. Bb1 Nd5 24. Bxc7 Nxc7 25. d4 Rad8 26. Nb3 Nd5 27. Be4 Rfe8 28. Bxd5 Bxd5 29. Rxe8+ Rxe8 30. Nc5 a5
31. b3 Re2 32. Nd3 f6 33. Nf4 Bf7 34. Nxe2 a4 35. bxa4
1-0

[Event "<1600, practising wit Ruy"]
[Site "SchemingMind.com"]
[Date "2010.06.18"]
[Round "-"]
[White "jtrochez1"]
[Black "lemmie"]
[Result "0-1"]
[WhiteCountry "HON"]
[BlackCountry "NED"]
[WhiteElo "1578"]
[WhiteRD "52"]
[BlackElo "1807"]
[BlackRD "56"]
[GameID "252235"]

1. e4 e5 2. Nf3 Nc6 3. Bb5 a6 4. Ba4 Nf6 5. O-O Be7 6. Re1 b5 7. Bb3 d6 8. c3 O-O 9. h3 Na5 10. Bc2 d5
11. d3 dxe4 12. dxe4 Bd6 13. Bg5 h6 14. Bh4 Qe7 15. Nbd2 Rd8 16. Qe2 Be6 17. b3 c5 18. Rad1 Ra7 19. Kh1 Rad7 20. c4 bxc4
21. bxc4 Bc7 22. Bg3 Nh5 23. Bxe5 Bxe5 24. Nxe5 Nf4 25. Qf3 Rxd2 26. Rxd2 Rxd2 27. Bb3 Qg5 28. Rd1 Nxb3
0-1

[Event "<1600, practising wit Ruy"]
[Site "SchemingMind.com"]
[Date "2010.06.18"]
[Round "-"]
[White "jtrochez1"]
[Black "lapista59"]
[Result "1-0"]
[WhiteCountry "HON"]
[BlackCountry "HUN"]
[WhiteElo "1578"]
[WhiteRD "52"]
[BlackElo "1433"]
[BlackRD "68"]
[GameID "252236"]

1. e4 e5 2. Nf3 Nc6 3. Bb5 a6 4. Ba4 Nf6 5. O-O Be7 6. Re1 b5 7. Bb3 d6 8. c3 O-O 9. h3 Na5 10. Bc2 d5
11. d3 Rb8 12. Nxe5 Rb6 13. Be3 c5 14. Nd2 Bd6 15. Nef3 Nh5 16. e5 Bc7 17. Bxc5 Rg6 18. d4 Bxh3 19. Bxg6 fxg6 20. Bxf8 Qxf8
21. Nh4 Qf4 22. Nxg6 Qg5 23. Qf3 hxg6 24. Qxh3 Nf4 25. Qg3 Qxg3 26. fxg3 Nd3 27. Rf1 Nxb2 28. e6 Bd8 29. Nb3 Nac4 30. Nc5 a5
31. Rf2 Bf6 32. Nd7 Nd3 33. Nxf6+ gxf6 34. Rxf6 Kg7 35. Raf1 Nd6 36. e7 b4 37. Rxd6 bxc3 38. e8=Q c2 39. Qxg6+ Kh8 40. Rd8#
1-0

[Event "<1600, practising wit Ruy"]
[Site "SchemingMind.com"]
[Date "2010.06.19"]
[Round "-"]
[White "jtrochez1"]
[Black "Olli Ylönen"]
[Result "1/2-1/2"]
[WhiteCountry "HON"]
[BlackCountry "FIN"]
[WhiteElo "1535"]
[WhiteRD "54"]
[BlackElo "1462"]
[BlackRD "53"]
[GameID "252237"]

1. e4 e5 2. Nf3 Nc6 3. Bb5 a6 4. Ba4 Nf6 5. O-O Be7 6. Re1 b5 7. Bb3 d6 8. c3 O-O 9. h3 Na5 10. Bc2 d5
11. d3 dxe4 12. dxe4 Qxd1 13. Rxd1 Nc4 14. b3 Nd6 15. Nbd2 c5 16. Nxe5 Bb7 17. Re1 Rfe8 18. f3 Rad8 19. Nf1 Bf8 20. Ng4 Nxg4
21. hxg4 f5 22. gxf5 Nxf5 23. Bg5 Ne7 24. Ne3 h6 25. Bf4 g5 26. Bc7 Rd2 27. Ba5 Bg7 28. Rad1 Rxd1 29. Rxd1 Be5 30. c4 b4
31. Rd8 Rxd8 32. Bxd8 Ng6 33. Nd5 Nf4 34. Nf6+ Bxf6 35. Bxf6 Kf7 36. Bd8 Ne6 37. Bb6 Nd4 38. Bd1 Ne6 39. g3 Kf6 40. Kf2 Ke5
41. Ke3 h5 42. Bc2 Nd4 43. Bd1 Ne6 44. Bc2 Nd4 45. Bd1 Ne6 46. Bc2 Nd4 47. Bd1
1/2-1/2

[Event "<1600, practising wit Ruy"]
[Site "SchemingMind.com"]
[Date "2010.06.18"]
[Round "-"]
[White "jtrochez1"]
[Black "swarupsawant"]
[Result "1-0"]
[WhiteCountry "HON"]
[BlackCountry "IND"]
[WhiteElo "1603"]
[WhiteRD "47"]
[BlackElo "1606"]
[BlackRD "74"]
[GameID "252238"]

1. e4 e5 2. Nf3 Nc6 3. Bb5 a6 4. Ba4 Nf6 5. O-O Be7 6. Re1 b5 7. Bb3 d6 8. c3 O-O 9. h3 Na5 10. Bc2 d5
11. d3 Bb7 12. Nxe5 Nc6 13. Nxc6 Bxc6 14. e5 Nd7 15. d4 f6 16. e6 Nb6 17. Re3 Nc4 18. Re1 Bb7 19. Nd2 Qd6 20. Nf3 Bc8
21. Nh4 Bxe6 22. Bf5 Bxf5 23. Nxf5
1-0

[Event "<1600, practising wit Ruy"]
[Site "SchemingMind.com"]
[Date "2010.06.18"]
[Round "-"]
[White "jtrochez1"]
[Black "Lars"]
[Result "1-0"]
[WhiteCountry "HON"]
[BlackCountry "SWE"]
[WhiteElo "1578"]
[WhiteRD "52"]
[BlackElo "1558"]
[BlackRD "66"]
[GameID "252239"]

1. e4 e5 2. Nf3 Nc6 3. Bb5 a6 4. Ba4 Nf6 5. O-O Be7 6. Re1 b5 7. Bb3 d6 8. c3 O-O 9. h3 Na5 10. Bc2 d5
11. d3 Bb7 12. Nxe5 dxe4 13. Be3 Re8 14. d4 Bd6 15. Bf4 c5 16. Nd2 cxd4 17. cxd4 Qb6 18. Nxe4 Nxe4 19. Bxe4 Bxe5 20. dxe5 Nc4
21. Bxb7 Qxb7 22. Rb1 Rad8 23. Qb3 Rd4 24. Bc1 Rxe5 25. Rxe5 Nxe5 26. Be3 Rd8 27. Bf4 Nc4 28. Qg3 Qe4 29. Rf1 Nxb2 30. Bh6 g6
31. Qc7 Re8 32. Qc3 Qe5 33. Qc6 a5 34. f4 Qd4+ 35. Kh2 b4 36. Qxe8#
1-0

[Event "<1600, practising wit Ruy"]
[Site "SchemingMind.com"]
[Date "2010.06.18"]
[Round "-"]
[White "jtrochez1"]
[Black "wolfik"]
[Result "0-1"]
[WhiteCountry "HON"]
[BlackCountry "POL"]
[WhiteElo "1611"]
[WhiteRD "51"]
[BlackElo "1735"]
[BlackRD "103"]
[GameID "252240"]

1. e4 e5 2. Nf3 Nc6 3. Bb5 a6 4. Ba4 Nf6 5. O-O Be7 6. Re1 b5 7. Bb3 d6 8. c3 O-O 9. h3 Na5 10. Bc2 d5
11. d3 dxe4 12. dxe4 Qxd1 13. Bxd1 Rd8 14. Bc2 Bb7 15. Nbd2 Nd7 16. Nb3 Nc4 17. Nbd2 Nxd2 18. Bxd2 f6 19. Be3 Bc5 20. Bxc5 Nxc5
21. b4 Nd3 22. Rad1 Nxe1 23. Rxd8+ Rxd8 24. Nxe1 Rd2 25. f3 Kf8 26. Bb3 Ke7 27. Kf1 Bc8 28. Nc2 Be6 29. Bxe6 Kxe6 30. Ne3 Rxa2
31. Nd5 c6 32. Nc7+ Kd7 33. Na8 Rc2 34. Nb6+ Kc7 35. Nd5+ cxd5 36. exd5 Rxc3
0-1

[Event "<1600, practising wit Ruy"]
[Site "SchemingMind.com"]
[Date "2010.06.19"]
[Round "-"]
[White "cnile"]
[Black "jtrochez1"]
[Result "1-0"]
[WhiteCountry "SCO"]
[BlackCountry "HON"]
[WhiteElo "1433"]
[WhiteRD "69"]
[BlackElo "1516"]
[BlackRD "53"]
[GameID "252241"]

1. e4 e5 2. Nf3 Nc6 3. Bb5 a6 4. Ba4 Nf6 5. O-O Be7 6. Re1 b5 7. Bb3 d6 8. c3 O-O 9. h3 Na5 10. Bc2 d5
11. exd5 Bd6 12. d4 e4 13. Bxe4 Nxe4 14. Rxe4 Bf5 15. Re1 Qf6 16. Bg5 Qg6 17. Qc1 f6 18. Be3 h6 19. Nbd2 Rae8 20. b4 Nb7
21. Nh4 Qh7 22. Nxf5 Qxf5 23. Nf3 g5 24. Qd2 Qxd5 25. a4 c6 26. a5 Nd8 27. Qd3 f5 28. Rac1 Qf7 29. Kh1 f4 30. Bd2 Rxe1+
31. Rxe1 Ne6 32. Qe4 Nd8 33. h4 g4 34. Ne5 Bxe5 35. Qxe5 h5 36. Qg5+ Qg7 37. Qxg7+ Kxg7 38. Re5 Kg6 39. Rg5+ Kh6 40. g3 Kh7
41. Rxh5+ Kg6 42. Rg5+ Kh7 43. Bxf4 Ne6 44. Rxg4 Nxf4 45. Rxf4 Rxf4 46. gxf4 Kg6 47. Kg2 Kh5 48. Kf3 Kxh4 49. Ke4 Kh5 50. Kf5 Kh6
51. Kf6 Kh7 52. Ke7 Kg6 53. Ke6
1-0

[Event "<1600, practising wit Ruy"]
[Site "SchemingMind.com"]
[Date "2010.06.18"]
[Round "-"]
[White "lemmie"]
[Black "jtrochez1"]
[Result "1-0"]
[WhiteCountry "NED"]
[BlackCountry "HON"]
[WhiteElo "1825"]
[WhiteRD "63"]
[BlackElo "1559"]
[BlackRD "51"]
[GameID "252242"]

1. e4 e5 2. Nf3 Nc6 3. Bb5 a6 4. Ba4 Nf6 5. O-O Be7 6. Re1 b5 7. Bb3 d6 8. c3 O-O 9. h3 Na5 10. Bc2 d5
11. exd5 Bd6 12. d4 exd4 13. Qxd4 c5 14. dxc6 Nxc6 15. Qh4 Re8 16. Rxe8+ Qxe8 17. Bg5 Be7 18. Bxf6 Bxf6 19. Qxh7+ Kf8 20. Nbd2 Ne5
21. Qh8+ Ke7 22. Qxe8+ Kxe8 23. Nxe5 Bxe5 24. Re1 f6 25. f4 Kf7 26. fxe5 fxe5 27. Rxe5 Be6 28. Bb3 Bxb3 29. axb3 Re8 30. Rxe8 Kxe8
31. Ne4 Ke7 32. Kf2 a5 33. Ke3
1-0

[Event "<1600, practising wit Ruy"]
[Site "SchemingMind.com"]
[Date "2010.06.18"]
[Round "-"]
[White "lapista59"]
[Black "jtrochez1"]
[Result "1-0"]
[WhiteCountry "HUN"]
[BlackCountry "HON"]
[WhiteElo "1433"]
[WhiteRD "68"]
[BlackElo "1578"]
[BlackRD "52"]
[GameID "252243"]

1. e4 e5 2. Nf3 Nc6 3. Bb5 a6 4. Ba4 Nf6 5. O-O Be7 6. Re1 b5 7. Bb3 d6 8. c3 O-O 9. h3 Na5 10. Bc2 d5
11. Nxe5 Bb7 12. b3 dxe4 13. Qe2 c5 14. Qe3 c4 15. d4 Nc6 16. Qg3 Nxe5 17. Bh6 Ng6 18. Be3 Bd6 19. f4 Nh5 20. Qg4 Nhxf4
21. Nd2 Bc8 22. Qh5 Qh4 23. Qxh4 Nxh4 24. Bxe4 Rb8 25. g3 Nxh3+ 26. Kh2 Ng6 27. a4 h6 28. axb5 axb5 29. bxc4 bxc4 30. Bd5 Be6
31. Bxe6 fxe6 32. Kxh3 Rbc8 33. Ra6 Be7 34. Rxe6 Bf6 35. Kg4 Ne7 36. Ne4 Nd5 37. Kh5 Nxe3 38. Rxe3 Rfe8 39. Rxe8+ Rxe8 40. Kg6 Bg5
41. Nf6+
1-0

[Event "<1600, practising wit Ruy"]
[Site "SchemingMind.com"]
[Date "2010.06.19"]
[Round "-"]
[White "Olli Ylönen"]
[Black "jtrochez1"]
[Result "1-0"]
[WhiteCountry "FIN"]
[BlackCountry "HON"]
[WhiteElo "1475"]
[WhiteRD "56"]
[BlackElo "1516"]
[BlackRD "53"]
[GameID "252244"]

1. e4 e5 2. Nf3 Nc6 3. Bb5 a6 4. Ba4 Nf6 5. O-O Be7 6. Re1 b5 7. Bb3 d6 8. c3 O-O 9. h3 Na5 10. Bc2 d5
11. b4 Nc4 12. d3 Nb6 13. a4 c6 14. axb5 cxb5 15. d4 exd4 16. Nxd4 Bd7 17. exd5 Nfxd5 18. Bf5 Bxf5 19. Nxf5 Bf6 20. g4 Qc7
21. Ne3 Nxe3 22. Bxe3 Rad8 23. Qc2 Na4 24. Bc5 Nxc5 25. bxc5 Qxc5 26. Rxa6 Rfe8 27. Rxe8+ Rxe8 28. Qd3 g6 29. Rxf6 Qc4 30. Qxc4 bxc4
31. Na3 Rc8 32. f4 h6 33. Kf2 Kg7 34. g5 h5 35. Nb5 Rc5 36. Nd6 Ra5 37. Rxf7+ Kg8 38. Nxc4 Ra2+ 39. Ke3 Kxf7 40. Ne5+ Kg7
41. h4 Ra7 42. c4 Ra5 43. Kd4 Ra6 44. c5 Kf8 45. c6 Ra4+ 46. Kd5 Ke7 47. c7 Ra8 48. Kc6 Ke8 49. Nxg6 Ra6+ 50. Kb7
1-0

[Event "<1600, practising wit Ruy"]
[Site "SchemingMind.com"]
[Date "2010.06.18"]
[Round "-"]
[White "swarupsawant"]
[Black "jtrochez1"]
[Result "1-0"]
[WhiteCountry "IND"]
[BlackCountry "HON"]
[WhiteElo "1699"]
[WhiteRD "70"]
[BlackElo "1578"]
[BlackRD "52"]
[GameID "252245"]

1. e4 e5 2. Nf3 Nc6 3. Bb5 a6 4. Ba4 Nf6 5. O-O Be7 6. Re1 b5 7. Bb3 d6 8. c3 O-O 9. h3 Na5 10. Bc2 d5
11. Nxe5 Bb7 12. d4 h6 13. Qe2 c6 14. b4 Nc4 15. Nxc4 bxc4 16. exd5 Nxd5 17. Qe4 f5 18. Qe6+ Kh8 19. Bxf5 Qd6 20. Bb2 Qxe6
21. Bxe6 Bd6 22. Nd2 Bc8 23. Nxc4 Bc7 24. Bxd5 cxd5 25. Ne3 Bb7 26. Ng4 Rae8 27. Ne5 Bxe5 28. Rxe5 Kh7 29. Rae1 Rxe5 30. Rxe5 Rf7
31. a4 g5 32. Re6 Rd7 33. Kf1 Bc8 34. Ke1 h5 35. Bc1 Rg7 36. Re5 Kh6 37. Rxd5
1-0

[Event "<1600, practising wit Ruy"]
[Site "SchemingMind.com"]
[Date "2010.06.18"]
[Round "-"]
[White "Lars"]
[Black "jtrochez1"]
[Result "1-0"]
[WhiteCountry "SWE"]
[BlackCountry "HON"]
[WhiteElo "1583"]
[WhiteRD "69"]
[BlackElo "1559"]
[BlackRD "51"]
[GameID "252246"]

1. e4 e5 2. Nf3 Nc6 3. Bb5 a6 4. Ba4 Nf6 5. O-O Be7 6. Re1 b5 7. Bb3 d6 8. c3 O-O 9. h3 Na5 10. Bc2 d5
11. Nxe5 Bb7 12. exd5 Bxd5 13. b4 Bd6 14. bxa5 c6 15. Bb3 Qxa5 16. a4 Bxe5 17. Rxe5 Qc7 18. Re1 Rfe8 19. Bxd5 Rxe1+ 20. Qxe1 cxd5
21. axb5 Re8 22. Qf1 axb5 23. d4 Nd7 24. Nd2 Nb6 25. Nf3 Nc4 26. Qd3 h6 27. Qf5 Qc6 28. Qg4 Kh7 29. Qf5+ Kg8 30. Ra7 Nd6
31. Qg4 Ne4 32. Ne5 Nf6 33. Qg3 Ne4 34. Qf3 Ng5 35. Bxg5 Qb6 36. Qxf7+
1-0

[Event "<1600, practising wit Ruy"]
[Site "SchemingMind.com"]
[Date "2010.06.18"]
[Round "-"]
[White "wolfik"]
[Black "jtrochez1"]
[Result "1-0"]
[WhiteCountry "POL"]
[BlackCountry "HON"]
[WhiteElo "1767"]
[WhiteRD "110"]
[BlackElo "1603"]
[BlackRD "47"]
[GameID "252247"]

1. e4 e5 2. Nf3 Nc6 3. Bb5 a6 4. Ba4 Nf6 5. O-O Be7 6. Re1 b5 7. Bb3 d6 8. c3 O-O 9. h3 Na5 10. Bc2 d5
11. exd5 Bd6 12. Nxe5 Bb7 13. d4 Bxd5 14. Nd2 c5 15. Ndf3 Ne8 16. dxc5 Bxc5 17. Qd3 Bc4 18. Qxh7#
1-0

[Event "<1600, practising wit Ruy"]
[Site "SchemingMind.com"]
[Date "2010.06.19"]
[Round "-"]
[White "Timaeus"]
[Black "jtrochez1"]
[Result "0-1"]
[WhiteCountry "JPN"]
[BlackCountry "HON"]
[WhiteElo "1397"]
[WhiteRD "68"]
[BlackElo "1559"]
[BlackRD "51"]
[GameID "252329"]

1. e4 e5 2. Nf3 Nc6 3. Bb5 a6 4. Ba4 Nf6 5. O-O Be7 6. Re1 b5 7. Bb3 d6 8. c3 O-O 9. h3 Na5 10. Bc2 d5
11. exd5 Bd6 12. Ng5 h6 13. Nf3 Re8 14. d4 e4 15. Ne5 Bxe5 16. dxe5 Nxd5 17. Rxe4 Bf5 18. Re2 Bxc2 19. Qxc2 Nc4 20. f4 c6
21. Qf5 Qc8 22. Qh5 Qc7 23. Nd2 Nxf4 24. Qf3 Nxe2+ 25. Qxe2 Rxe5 26. Ne4 Re6 27. Qf3 Ne5 28. Qf5 Qb6+ 29. Qf2 Qxf2+ 30. Nxf2 Rd8
31. b3 Nd3 32. Nxd3 Rxd3 33. Bf4 Rxc3 34. Rd1 Re2 35. Ra1 Rcc2 36. g4 g5 37. Bg3 Rg2+
0-1

[Event "<1600, practising wit Ruy"]
[Site "SchemingMind.com"]
[Date "2010.06.21"]
[Round "-"]
[White "Timaeus"]
[Black "cnile"]
[Result "0-1"]
[WhiteCountry "JPN"]
[BlackCountry "SCO"]
[WhiteElo "1426"]
[WhiteRD "72"]
[BlackElo "1482"]
[BlackRD "64"]
[GameID "252330"]

1. e4 e5 2. Nf3 Nc6 3. Bb5 a6 4. Ba4 Nf6 5. O-O Be7 6. Re1 b5 7. Bb3 d6 8. c3 O-O 9. h3 Na5 10. Bc2 d5
11. exd5 Qxd5 12. Rxe5 Qc6 13. Rxe7 Bb7 14. d4 Rad8 15. Nbd2 Nc4 16. Ng5 Qxg2#
0-1